00993nam a22002657a 45000010005000000030006000050050017000110080041000280200018000690400029000870500015001160820010001311000025001412450111001662500030002772600038003073000044003454900061003895050008004505200174004585210019006325210020006516500022006717000034006934737FISKH20240926153217.0240926b cb ||||| |||| 00| 0 eng d a9780439836722 aFISKHbengcFISKHdFISKH aPZ7.M18995 a823.8 aMack, Tracyeauthor  aSherlock Holmes and the Barker Street Irregulars : bThe final meeting / cby Tracy Mack & Michael Citrin  aFirst edition , July 2010 aNew York : bScholastic ;c2010 . a248 pages : billustrations ;c20 cm .  aSherlock Holmes and the Baker Street Irregulars vBook 4 aR  aMaster detective Sherlock Holmes sets an elaborate trap to capture the wicked Professor Moriarty and dismantle his criminal organization, but Moriarty has his own plans.8 a770 bLexile 8 aR bRaz-Plus  aSherlockvfiction aCitrin, Michaeleillustrator